00922nam a22002537a 45000010005000000030006000050050017000110080041000280200018000690400029000870500014001160820011001301000020001412450043001612500045002042600046002493000048002954900022003435050008003655200214003735210029005875210020006166500032006367114FISKH20250624095034.0250624b cb ||||| |||| 00| 0 eng d a9780356111711 aFISKHbengcFISKHdFISKH aQP451.R68 a612.88 aRoyston, Robert aTouch and felling /cBy Robert Royston aFirst published in Great Britain in 1985 aLondon : bMacdonald Educational ,c1985. a30 pages : bcolor illustrations ;c24 cm . aMy first library  aM  aExplains how the sense of touch works through the skin, nervous system, and brain to register pressure, temperature, texture, and pain. Includes simple experiments for further exploration of touch and feeling.8 a550 bLexile estimate 8 aM bRaz-Plus  aTouchvJuvenile Literature